| 000 | 00761nam a22002057a 4500 | ||
|---|---|---|---|
| 999 |
_c11030 _d11030 |
||
| 003 | AR-CdUCM | ||
| 008 | 190402b ||||| |||| 00| 0 spa d | ||
| 040 |
_aMUNICIPALIDAD PROVINCIAL DEL CUSCO _cBIBLIOTECA MUNICIPAL DEL CUSCO |
||
| 082 |
_22ed. _a295.585 / _bK82 / 1949 |
||
| 100 |
_aKrishnamurti _928148 |
||
| 245 |
_aLa paz individual es la paz del mundo : _b16 conferencias pronunciadas en 1945 y 1946 por Krishnamurti / |
||
| 260 |
_aBuenos Aires : _bFundación hispano-Americana "Sapentia", _c1949. |
||
| 300 |
_a252 páginas ; _c17 cm. |
||
| 505 | _aContenido: Conferencias pronunciadas en 1945 ... | ||
| 650 |
_aTeosofía _926378 |
||
| 650 |
_aPaz _9757 |
||
| 700 |
_aRovira S., Francisco (traducción) _928149 |
||
| 942 |
_2ddc _cLIBROS |
||
| 945 | _aacv | ||